000 00437nam a2200169Ia 4500
003 IN-BaIIA
008 211028s9999 xx 000 0 eng d
040 _cIIA Library
080 _a910
_bOUC
100 _aOuchterlony
_9159
245 0 _aStatistical memoir to accompany the survey of the Neilgherry mountains
_cOuchterlony
260 _aCalcutta
_c1861
300 _a73p.
650 _aMemoire
_9160
650 _aSurvey
_9161
942 _cBK
999 _c97
_d97